| 000 | 00878nam a22002652 4500 | ||
|---|---|---|---|
| 001 | 0000002613 | ||
| 005 | 20151217145730.0 | ||
| 008 | 070416s xx 000 0 eng d | ||
| 020 | _cKES 525 | ||
| 040 |
_aKABU _cKABU |
||
| 050 | 0 |
_aPE1128 _b.L44 2002 |
|
| 100 | 1 |
_aLeech, Geoffrey. _@0000152038 |
|
| 245 | 1 | 2 |
_aA Communicative grammar of English / _cGeoffrey Leech and Jan Svertvik. |
| 250 | _a3rd ed. | ||
| 260 |
_aPatparganj, Delhi : _bPearson Education, _cc2002. |
||
| 300 |
_axiv, 440 p. ; _c24 cm. |
||
| 500 | _aIncludes index. | ||
| 650 | 0 |
_aEnglish language _xTextbooks for foreign speakers. _@0000152039 |
|
| 650 | 0 |
_aEnglish language _xGrammar. _@0000151342 |
|
| 700 | 1 |
_aSvartvik, Jan. _@0000152040 |
|
| 908 | _a070416 | ||
| 950 | _@1 | ||
| 999 |
_c2018 _d2018 |
||